Inauguración de una capilla en el grupo de viviendas protegidas de la Diputación Provincial
Descripción Física:
Il·lustracions
Colección:
San Jorge,
; núm. 3 (juliol 1951), pàg. 27-29
Materias:
Barcelona (Catalunya : Província). -- Diputació -- Edificis
; Capella de Nostra Senyora de Gràcia (Barcelona, Catalunya)
Idioma:
Español
MARC
| LEADER | 00000naa a2200000 a 4500 | ||
|---|---|---|---|
| 003 | Arxiu | ||
| 005 | 20260324181031.0 | ||
| 008 | 160829s1951 spcaxx s spa c | ||
| 040 | |a agdb | ||
| 245 | 0 | 0 | |a Inauguración de una capilla en el grupo de viviendas protegidas de la Diputación Provincial |
| 300 | |b Il·lustracions | ||
| 490 | |a San Jorge, |v núm. 3 (juliol 1951), pàg. 27-29 | ||
| 610 | 1 | 0 | |a Barcelona (Catalunya : Província). |b Diputació |x Edificis |9 54574 |
| 610 | 2 | 0 | |9 54575 |a Capella de Nostra Senyora de Gràcia (Barcelona, Catalunya) |
| 773 | |t San Jorge. |g Núm. 3 (juliol 1951), pàg. 27-29 | ||
| 901 | |a Arxiu | ||
| 942 | |n 1 |2 udc |c ART | ||
| 952 | |0 0 |1 0 |4 0 |7 1 |9 64688 |a Arxiu |b Arxiu |d 2022-12-12 |o Rev-508 |r 2022-12-12 00:00:00 |w 2022-12-12 |y ARXIU | ||
| 999 | |c 47764 |d 47764 | ||